000 00735nam a2200229 i 4500
001 C2-0283326
003 PPAK
005 20220816112031.0
008 071114s1994 ne |||| ||||| | eng d
040 _aPPAK
_beng
_cPPAK
_erda
082 0 4 _a572.9598
_223
090 0 0 _a572.9598
_bBIJ
_dKSI
245 0 0 _aBIJDRAGEN :
_bTOT DE TAAL-, LAND- EN VOLKENKUNDE.
_nDEEL 121.
_p3e AFLEVERING
264 1 _a's-Gravenhage, The Netherlands :
_bMartinus Nijhoff ,
_c1965
300 _a388 pages ;
_c24 cm
336 _2rdacontent
_atext
337 _2rdamedia
_aunmediated
338 _2rdacarrier
_avolume
650 1 0 _aEthnology
_vPeriodicals
710 2 _aKoninklijk Instituut voor Taal- (Land- en Volkenkunde (Netherlands)
942 _cB
_2ddc
999 _c188755
_d188755